48-series microprocessors handbook (Record no. 61569)

000 -LEADER
fixed length control field 00719nam a22001817a 4500
003 - CONTROL NUMBER IDENTIFIER
control field NUST-PNEC
005 - DATE AND TIME OF LATEST TRANSACTION
control field 20170116180725.0
008 - FIXED-LENGTH DATA ELEMENTS--GENERAL INFORMATION
fixed length control field 141031b xxu||||| |||| 00| 0 eng d
040 ## - CATALOGING SOURCE
Transcribing agency PNEC
082 ## - DEWEY DECIMAL CLASSIFICATION NUMBER
Classification number 621.38195 NAT
100 ## - MAIN ENTRY--PERSONAL NAME
9 (RLIN) 903
Personal name National
245 ## - TITLE STATEMENT
Title 48-series microprocessors handbook
Statement of responsibility, etc. National Semiconductor
260 ## - PUBLICATION, DISTRIBUTION, ETC.
Place of publication, distribution, etc. Santa Clara, Calif. :
Name of publisher, distributor, etc. National Semiconductor Corporation
Date of publication, distribution, etc. c1980.
300 ## - PHYSICAL DESCRIPTION
Extent 1 volume (various pagings) :
Other physical details illustrations ;
Dimensions 23 cm
500 ## - GENERAL NOTE
General note http://www.amazon.com/48--Microprocessors-Handbook-National-Semiconductor/dp/B000GYMZVW/ref=sr_1_1?s=books&ie=UTF8&qid=1414750888&sr=1-1&keywords=48-SERIES+MICROPROCESSORS+HANDBOOK+BY+NATIONAL
650 ## - SUBJECT ADDED ENTRY--TOPICAL TERM
General subdivision EL
942 ## - ADDED ENTRY ELEMENTS (KOHA)
Source of classification or shelving scheme
Koha item type Book
Holdings
Withdrawn status Lost status Source of classification or shelving scheme Damaged status Not for loan Permanent Location Current Location Shelving location Date acquired Total Checkouts Full call number Barcode Date last seen Price effective from Koha item type
          Pakistan Navy Engineering College (PNEC) Pakistan Navy Engineering College (PNEC) Reference     621.38195 NAT PNECLIB-009697 10/31/2014   Book
© 2023 Central Library, National University of Sciences and Technology. All Rights Reserved.